| 000 | 01088nam a22002775a 4500 | ||
|---|---|---|---|
| 003 | OSt | ||
| 005 | 20160802140458.0 | ||
| 008 | 160802s2012 ua frb 000 0 ara d | ||
| 015 | _a2011 / 17937 | ||
| 020 | _a9771027433 | ||
| 040 |
_aEG-ScBUE _bara _cEG-ScBUE |
||
| 043 | _af-ua--- | ||
| 082 | 0 | 4 |
_a347.6206 _bم و س _222 |
| 100 | 1 |
_aموسى، أحمد كمال الدين. _940625 |
|
| 245 | 1 | 0 |
_aنظرية الإثبات في القانون الإداري : _bدراسة مقارنة / _cأحمد كمال الدين موسى. |
| 260 |
_aالقاهرة : _bدار الفكر العربي، _c2012. |
||
| 300 |
_a640 ص. ؛ _c24 سم. |
||
| 504 | _aببليوجرافية : 611-633. | ||
| 650 | 0 |
_aالإثبات (قانون) _2BUEsh |
|
| 650 | 0 |
_aالإثبات في القانون الإداري. _2BUEsh |
|
| 650 | 0 |
_aكفالة التوازن بين الطرفين في الدعوى الإدارية. _2BUEsh |
|
| 650 | 0 |
_aتنظيم عبء الإثبات أمام القضاء الإداري. _2BUEsh |
|
| 651 | _2BUEsh | ||
| 653 |
_bLLAAWW _cAugust 2016 |
||
| 942 | _2ddc | ||
| 999 |
_c22103 _d22075 |
||